00324pab a2200133 454500008004000000100002500040245003900065260000900104300000900113362001000122650002900132650001100161773001800172180718b2002 xxu||||| |||| 00| 0 eng d aEngineer, Asghar Ali aRole of police in Gujarat carriage c2002 ap.8. a8 Jul aPolice - India - Gujarat aPolice aDeccan Herald